Toplarönü (Record no. 4394)

MARC details
000 -BAŞLIK
Sabit Uzunlukta Kontrol Alanı 01048na a2200313 4500
001 - KONTROL NUMARASI
Denetim Alanı 15799
003 - KONTROL NUMARASI IDENTIFIER
Denetim Alanı MIRAKIL
005 - SON İŞLEM TARİHİ VE ZAMANI
Denetim Alanı 20181213155004.0
008 - SABİT-BOY VERİ ELEMANLARI - GENEL BİLGİLER
Sabit Uzunlukta Kontrol Alanı 160929b tu 000 0
020 ## - ULUSLARARASI STANDART KİTAP NUMARASI
Uluslararası Standart Kitap Numarası 9786054307869
035 ## - SİSTEM KONTROL NUMARASI
Sistem Kontrol Numarası 15799
040 ## - KATALOGLAMA KAYNAK
Orijinal Kataloglama Ajansı Milas
Kataloglama Dili tur
Metne Dönüştürmek Ajansı TR-AnCHP
082 ## - DEWEY ONLU SINIFLANDIRMA NUMARASI
Sınıflandırma Numarası 956.226
Ürün Numarası T66 2010
090 ## - SINIFLAMA NUMARASI
Sınıflama Numarası 956.226 T66 2010
245 ## - BAŞLIK TABLOSU
Başlık Toplarönü
Başlığın Kalan (İstanbullu Doğan Kuban ve Boğaziçi)
Sorumluluk Tablosu, Vb Söyleşi Rozerin Doğan; editör Ebrar Metin
246 ## - UNVAN FORM VARYING
Başlık Doğru / Kısa Başlığı İstanbullu Doğan Kuban ve Boğaziçi
260 ## - YAYIN, DAĞITIM, VB
Yayın, Dağıtım, Vb Yeri İstanbul
Yayıncı, Dağıtıcı, Vs Adı Heyamola yayınları
Yayın, Dağıtım, Vb Tarihi 2010
300 ## - FİZİKSEL TANIM
Kapsam 102 s.
Diğer Fiziksel Ayrıntıları res.
Boyutlar 20 sm.
490 ## - SERİSİ TABLOSU
Seri Beyanı Heyamola Yayınları
Hacim / Ardışık Tanımı 182
600 ## - KONU KATMA GİRİŞ - KURUMSAL ADI
Kişisel Ad Kuban, Doğan
Bir Adıyla İlişkilendirilen Tarihler 1926 -
Genel Alt Bölümü Anılar
Kronolojik Alt Bölümü Tarih
650 ## - KONU KATMA GİRİŞ - TOPİKAL DÖNEM
Topikal Süreli Veya Coğrafi Ad Giriş Elemanı Mimarlar
Genel Alt Bölümü Söyleşiler
Coğrafi Alt Bölümü İstanbul
651 ## - KONU KATMA GİRİŞ - COĞRAFİ ADI
Coğrafi İsim Anadoluhisarı (İstanbul)
Genel Alt Bölümü Tarih
Kronolojik Alt Bölümü Tarih
651 ## - KONU KATMA GİRİŞ - COĞRAFİ ADI
Coğrafi İsim İstanbul Boğazı
Genel Alt Bölümü Gezi ve tanıtım
Kronolojik Alt Bölümü Tarih
651 ## - KONU KATMA GİRİŞ - COĞRAFİ ADI
Coğrafi İsim İstanbul
Genel Alt Bölümü Kültür
Kronolojik Alt Bölümü Tarih
651 ## - KONU KATMA GİRİŞ - COĞRAFİ ADI
Coğrafi İsim İstanbul
Genel Alt Bölümü Sosyal yaşam ve gelenekler
Kronolojik Alt Bölümü Tarih
700 ## - KATMA GİRİŞ - KİŞİSEL İSİM
Kişisel Ad Doğan, Rozerin
700 ## - KATMA GİRİŞ - KİŞİSEL İSİM
Kişisel Ad Metin, Ebrar
942 ## - EKLENDİ GİRİŞ ELEMANLARI (KOHA)
Sınıflandırma Veya Raf Düzeni Kaynak Dewey Decimal Classification
Koha Öğesi Türü Books
999 ## - SİSTEM KONTROL NUMARALARI (KOHA)
Koha Biblionumber 4394
Koha Biblioitemnumber 4394
Holdings
Kalıcı Konum Mevcut Konum Edinme Tarihi Edinim Kaynak Seri Numaralandırma / Kronolojik Toplam Check-Out'Lar Tam Çağrı Numarası Barkod Tarih Son Görülme İtibaren Geçerli Fiyatlar Koha Öğesi Türü
CHP Kütüphanesi CHP Kütüphanesi 09/24/2016 Bağış c.4   956.226 T66 2010 005637 09/24/2016 09/24/2016 Books